Szczegóły MARC21

Algebraic threefolds : proceedings of the 2nd 1981 Session of the Centro Internazionale Matematico Estivo (C.I.M.E), held at Varenna, Italy, June 15-23, 1981 /

003 -Nazwa inst., której nr kontr. jest w polu 001 [,]
    • @
    • Nazwa instytucji, której n kontrolny jest w polu 001
    • NUKAT
005 -DATA I CZAS OSTATNIEJ MODYFIKACJI [,]
    • @
    • pole kontrolne
    • 20241231093142.0
020 -Międzynarod. znormalizowany nr książki - ISBN [ , ]
    • a
    • Numer ISBN
    • 3540115870 Find
040 -Instytucja sporządzająca opis [ , ]
    • a
    • Instytucja, która sporządziła opis (NP)
    • GD U/AJ
    • c
    • Instytucja, która sporządziła rekord (NP)
    • GD U/AJs
    • d
    • Instytucja, która zmodyfikowała rekord (P)
    • TOR U/WS
942 -Rodzaj dokumentu [ , ]
    • c
    • Rodzaj dokumentu
    • Książka
111 -Hasło główne - nazwa imprezy [2, ]
    • a
    • Nazwa imprezy (NP)
    • Session of the Centro Internazionale Matematico Estivo Find
    • n
    • Numer imprezy (P)
    • (2 ;
    • d
    • Data imprezy (NP)
    • 1981 ;
    • c
    • Miejsce imprezy (NP)
    • Varenna).
    • 9
    • KHW
    • 52325
245 -Strefa tytułu i oznaczenia odpowiedzialności [1,0]
    • a
    • Tytuł
    • Algebraic threefolds : Find
    • b
    • Ciąg dalszy tytułu (NP)
    • proceedings of the 2nd 1981 Session of the Centro Internazionale Matematico Estivo (C.I.M.E), held at Varenna, Italy, June 15-23, 1981 / Find
    • c
    • Pozostałe elementy strefy tytułu i oznaczenia odpowiedzialności (NP)
    • ed. by Alberto Conte.
260 -Strefa adresu wydawniczego [ , ]
    • a
    • Miejsce wydania (P)
    • Berlin [etc.] :
    • b
    • Nazwa wydawcy (P)
    • Springer-Verlag,
    • c
    • Data wydania (P)
    • 1982.
300 -Strefa opisu fizycznego [ , ]
    • a
    • Określenie formy książki i/lub objętość (NP)
    • V, 315 s. ;
    • c
    • Format (NP)
    • 24 cm.
336 -Typ zawartości [ , ]
    • a
    • Termin opisujący typ zawartości
    • Tekst
    • b
    • Kod określający zawartość
    • txt
    • 2
    • Źródło (terminu i kodu)
    • rdacontent
337 -Typ mediów [ , ]
    • a
    • Tryb odtwarzania
    • Bez urządzenia pośredniczącego
    • b
    • Kod typu mediów
    • n
    • 2
    • Źródło (terminu i kodu)
    • rdamedia
338 -Typ/rodzaj nośnika [ , ]
    • a
    • Hasło opisujące typ nośnika
    • Wolumin
    • b
    • Kod typu nośnika
    • nc
    • 2
    • Źródło (terminu i kodu)
    • rdacarrier
490 -Strefa serii i książki wielotomowej - forma nie do wyszukiwania [1, ]
    • a
    • Tytuł (P)
    • Lecture Notes in Mathematics ; Find
    • v
    • Numeracja (P)
    • 947
830 -Hasło dodatkowe serii i opisu książki wielotomowej - tytuł ujednolicony/tytuł [ ,0]
    • a
    • Tytuł ujednolicony/tytuł (NP)
    • Lecture Notes in Mathematics
    • x
    • ISSN
    • 0075-8434
    • v
    • Oznaczenie tomu (NP)
    • 947
    • 9
    • KHW
    • 11014
504 -Uwaga dot. bibliogr. załącznikowej [ , ]
    • a
    • Uwaga dot. bibliografii załącznikowej
    • Bibliogr. przy rozdz.
530 -Uwaga dot. innej postaci fizycznej dokumentu [ , ]
    • a
    • Uwaga dot. innej postaci fizycznej dokumentu
    • Dostępne również w formie elektronicznej.
080 -Uniwersalna Klasyfikacja Dziesiętna [ , ]
    • 2
    • Identyfikator wydania tablic
    • UDC-P058
    • 9
    • UKD
    • 4033
    • a
    • Symbol klasyfikacji
    • 512.7
    • b
    • Dopowiedzenie
    • Geometria algebraiczna. Algebra pierścieni. Krzywe algebraiczne.
    • 4
    • UKD2
    • 7644
    • x
    • Poddział wspólny
    • =111
    • c
    • Dopowiedzenie poddz. wspólnego
    • =Język angielski.
    • 4
    • UKD2
    • 7641
    • x
    • Poddział wspólny
    • (061)
    • c
    • Dopowiedzenie poddz. wspólnego
    • (Wydawnictwa odnoszące się do konferencji, zjazdów itd. Sprawozdania z konferencji).
650 -Hasło przedmiotowe [ ,7]
    • a
    • Hasło przedmiotowe
    • Rozmaitości trójwymiarowe
    • v
    • Określnik formalny
    • konferencje.
    • 2
    • Źródło terminu
    • kaba
    • 9
    • KHW
    • 372320
980 -Symbol UKD [ , ]
    • a
    • UKD
    • 512.7(061)=111
700 -Hasło dodatkowe - nazwa osobowa [1, ]
    • a
    • Nazwa osobowa (NP)
    • Conte, Alberto Find
    • d
    • Daty biograficzne (NP)
    • (1942- ).
    • e
    • Określenie rodzaju współpracy
    • Red.
    • 9
    • KHW
    • 52326
856 -Dostęp do wersji elektronicznej [4,1]
    • z
    • Uwaga
    • Licencja krajowa
920 -ISBN [ , ]
    • a
    • ISBN
    • 3-540-11587-0 Find
Status udost. Numer inwentarzowy Lokalizacja Data inwentaryzacji
1N.20799BG2013-02-04